Busiest Airports by Country #4 - Statistics

General Stats
  • This quiz has been taken 131 times
  • The average score is 22 of 32
Answer Stats
# Answer % Correct
Poland 12.8 M Warsaw (Chopin)
100%
Poland 2.9 M Warsaw (Modlin)
100%
Russia 28.5 M Moscow (Domodedovo)
99%
Russia 33.7 M Moscow (Sheremetyevo)
99%
Russia 14.0 M Moscow (Vnukovo)
99%
China 40.5 M Shanghai (Hongqiao)
99%
China 66.0 M Shanghai (Pudong)
99%
China 94.4 M Beijing
98%
Russia 13.3 M Saint Petersburg
98%
Indonesia 58.7 M Jakarta
97%
Poland 5.0 M Kraków
96%
China 59.7 M Guangzhou
93%
China 70.5 M Hong Kong
93%
China 46.0 M Chengdu
81%
Poland 4.0 M Gdańsk
80%
China 42.0 M Shenzhen
79%
Indonesia 19.5 M Surabaya
73%
Indonesia 20.0 M Denpasar (Bali)
68%
Poland 3.2 M Katowice
65%
Poland 2.4 M Wrocław
64%
Russia 4.1 M Novosibirsk
59%
Poland 1.7 M Poznań
58%
Russia 4.3 M Yekaterinburg
58%
Indonesia 9.0 M Medan
53%
Russia 5.3 M Sochi
52%
China 42.0 M Kunming
49%
Indonesia 10.7 M Makassar
36%
Indonesia 7.2 M Yogyakarta
33%
Poland 0.7 M Rzeszów
15%
Indonesia 7.5 M Balikpapan
10%
Indonesia 6.1 M Batam
8%
Russia 5.2 M Simferopol
8%
No matching quizzes found
Score Distribution
Percent of People with Each Score
Percentile by Number Answered
Your Score History
You have not taken this quiz